000 00477nam a2200169 a 4500
001 8681
003 CO-ViMGA
008 141112s2004 ck r 000 u spa d
040 _aCO-ViMGA
_bspa
_cCO-ViMGA
082 0 4 _a759.861 B67b
100 1 _aBotero, Fernando
_98707
245 1 0 _aBotero :
_bNuevas obras sobre lienzo /
_cBotero Fernando
260 _aBogotá,
_cVillegas Editores,
_c1997
300 _a219 p. il, 32cm
650 1 4 _apintura colombiana
_9602
942 _2ddc
_cBK
999 _c20319
_d20319